| 000 | 00883nam a22002537a 4500 | ||
|---|---|---|---|
| 005 | 2008080108208.0 | ||
| 008 | 080801t xxu||||| |||| 00| 0 eng d | ||
| 010 | _aENG-90654 | ||
| 020 |
_a9788178299235 _c460.00 |
||
| 035 | _aEN-74187 | ||
| 037 | _bDBAD / PUB | ||
| 040 |
_aDPL _bEN |
||
| 082 | _a658.406 | ||
| 100 | _aPaton, Robert A. | ||
| 245 |
_aChange management: _bA guide to effective implementation / _cby Robert A. Paton [and] James McCalman |
||
| 250 | _a3rd ed | ||
| 260 |
_aNew Delhi _bSage Publications (India) _c2008 |
||
| 300 |
_axix, 418p. _c25 cm (pbk) |
||
| 500 | _aIncludes references and index | ||
| 650 | _aOrganizational change | ||
| 700 | _aMcCalman, James | ||
| 942 |
_2ddc _cEN _h658.406 _mPAT |
||
| 999 |
_c14709 _d14709 |
||